| 000 | 02149cam a22004694i 4500 | ||
|---|---|---|---|
| 003 | PE-LiUPU | ||
| 005 | 20250731172946.0 | ||
| 008 | 150623s r 000 0 d | ||
| 020 | _a0060692006 | ||
| 035 | _a(Sirsi) i9780060692001 | ||
| 040 |
_aPE-LiUPU _bspa _cPE-LiUPU _erda |
||
| 049 | _aPRUA | ||
| 082 | 0 | 4 |
_a296.155 _bW73 _221 |
| 100 | 1 |
_aWise, Michael Owen, _eautor. |
|
| 245 | 1 | 4 |
_aThe Dead Sea scrolls : _ba new translation / _cMichael Owen Wise. |
| 264 | 1 |
_aNew York : _bHarper San Francisco, _c1996. |
|
| 300 |
_a513 páginas ; _c24 centímetros |
||
| 336 |
_atext _2rdacontent |
||
| 337 |
_aunmediated _2rdamedia |
||
| 338 |
_avolume _2rdacarrier |
||
| 490 | 0 | _aA tree clause book | |
| 504 | _aIncluye bibliografía. | ||
| 505 | 0 | _aProlegomena. -Texts : The damascus documents. -Tales of the Patriarchs. -Thanksgiving Psalms. -A commentary on Habbakkuk. -Charter of a Jewish sectarian association. -Charter for Israel in the last days. -Priestly blessings for the last days. -The war scroll. -The words of Moses. - .. . -A reader's guide to the Qumran calendar texts : The phases of the moon. -A divination text.-Synchronistic calendars. -An Annalistic calendar. -Priestly service: sabbath, month, and festival - year one. -Priestly service: sabbath, month, and festival - year four. -The sabbaths and festivals of the year. -Priestly service as the seasons change. -Priestly rotation on the sabbath. -Priestly service on the passover. | |
| 526 | _aSEG42 | ||
| 526 | _aSEG41 | ||
| 526 | _aSEG40 | ||
| 526 | _aSEG39 | ||
| 526 | _aP94 | ||
| 526 | _aP87 | ||
| 526 | _aP86 | ||
| 526 | _aP85 | ||
| 526 | _aP77 | ||
| 526 | _aP76 | ||
| 526 | _aP35 | ||
| 650 | 0 | 4 | _aManuscritos del mar muerto. |
| 942 |
_2ddc _cBOOK |
||
| 949 |
_a296.155 W73 _wDEWEY _c1 _i44746 _lCCODEBUL1 _mBUL _r0 _sY _tBOOK _u2015-6-24 _xTEOLOGIA _PP35 _0COMPRA _o.STAFF. Colección General |
||
| 994 |
_aC0 _bPEPRU |
||
| 596 | _a1 | ||
| 999 |
_a296.155 W73 _wDEWEY _c21613 _i44746 _f2021-11-11 _g5 _lCCODEBUL1 _mBUL _r0 _sY _tBOOK _u2015-6-24 _xTEOLOGIA _PP35 _0COMPRA _o.STAFF. Colección General _d21613 |
||
| 980 |
_81 _gALBERTO SANCHEZ Responsable de Automatización |
||